000 01409cam a22003134a 4500
001 12301781
003 NUST-PNEC
005 20170116180701.0
008 010206s2001 enka b 000 0 eng
010 _a 2001020312
020 _a1852334525
040 _aDLC
_cPNEC
_dDLC
042 _apcc
050 0 0 _aTJ217.2
_b.P47 2001
082 0 0 _a629.8312 MOH
245 0 0 _aPerspectives in robust control :
_bwith 113 figures /
_cS.O. Reza Moheimani (ed.).
260 _aLondon :
_bNew York :
_bSpringer,
_cc2001.
300 _axvi, 374 p. :
_bill. ;
_c24 cm.
440 0 _aLecture notes in control and information sciences ;
_v268
500 _ahttp://www.amazon.com/Perspectives-Control-Lecture-Information-Sciences/dp/1852334525/ref=sr_1_1?s=books&ie=UTF8&qid=1410249695&sr=1-1&keywords=1852334525
504 _aIncludes bibliographical references.
650 0 _aRobust control.
_xMIS, ME
700 1 _aMoheimani, S. O. Reza,
_d1967-
856 4 2 _3Publisher description
_uhttp://www.loc.gov/catdir/enhancements/fy0816/2001020312-d.html
856 4 1 _3Table of contents only
_uhttp://www.loc.gov/catdir/enhancements/fy0816/2001020312-t.html
906 _a7
_bcbc
_corignew
_d1
_eocip
_f20
_gy-gencatlg
942 _2ddc
_cBK
999 _c60569
_d60569